Atextbook of pharmaceutical inorganic chemistry (Record no. 7938)

MARC details
000 -LEADER
fixed length control field 00485nam a22001817a 4500
003 - CONTROL NUMBER IDENTIFIER
control field OSt
005 - DATE AND TIME OF LATEST TRANSACTION
control field 20220804144830.0
008 - FIXED-LENGTH DATA ELEMENTS--GENERAL INFORMATION
fixed length control field 220804b ||||| |||| 00| 0 eng d
020 ## - INTERNATIONAL STANDARD BOOK NUMBER
International Standard Book Number 19911011042164
040 ## - CATALOGING SOURCE
Transcribing agency DDC
082 ## - DEWEY DECIMAL CLASSIFICATION NUMBER
Classification number QV 744 A21C 2018
Item number 22/41983
100 ## - MAIN ENTRY--PERSONAL NAME
Personal name Kumar,Ravi.k
9 (RLIN) 16132
245 ## - TITLE STATEMENT
Title Atextbook of pharmaceutical inorganic chemistry
260 ## - PUBLICATION, DISTRIBUTION, ETC. (IMPRINT)
Place of publication, distribution, etc. Canada;
Name of publisher, distributor, etc. SIA :
Date of publication, distribution, etc. 2018
300 ## - PHYSICAL DESCRIPTION
Extent x,340p;
Other physical details ill:
Dimensions 27cm
650 ## - SUBJECT ADDED ENTRY--TOPICAL TERM
Topical term or geographic name as entry element Inorganic chemistry
9 (RLIN) 799
942 ## - ADDED ENTRY ELEMENTS (KOHA)
Source of classification or shelving scheme Dewey Decimal Classification
Koha item type Book
Holdings
Withdrawn status Lost status Source of classification or shelving scheme Damaged status Not for loan Home library Current library Date acquired Source of acquisition Inventory number Total Checkouts Full call number Barcode Date last seen Price effective from Koha item type
    Dewey Decimal Classification     MUST Main Library MUST Main Library 04/08/2022 Purchase 22/41983   QV 744 A21C 2018 22/41983 2022-0752 04/08/2022 04/08/2022 Book